000 00246nam a2200097Ia 4500
001 683350
005 20250826161436.0
008 250824s9999 xx 000 0 und d
245 0 _aFETİH VE KIYAMET
_cFERİDUN M. EMECEN
260 _bTİMAŞ YAYINLARI
999 _c683350
_d683350